000 00237nam a2200097Ia 4500
001 712188
005 20250826162822.0
008 250824s9999 xx 000 0 und d
245 0 _aPSİKOLOJİ
_cNURETTİN TOPÇU
260 _bDERGAH YAYINLARI
999 _c712188
_d712188